000 00464nam a2200169 i 4500
001 89867
003 ES-MaACL
005 20251017063055.0
007 t|
008 050114s1912 sp ||||1| spa d
100 1 _aLatino, Aníbal,
_d1853-1939
_970525
245 1 0 _aProblemas y lecturas /
_cpor Aníbal Latino.
260 _aMadrid :
_bVictoriano Suárez,
_c1912.
300 _a539 p. ;
_c20 cm.
852 _aES-MaACL
_jD-810
999 _c89867
_d89867